| 000 | 00740cam a22002655a 4500 | ||
|---|---|---|---|
| 001 | 16716491 | ||
| 003 | OSt | ||
| 005 | 20140310182257.0 | ||
| 008 | 110401r19881960mau j 000 1 eng | ||
| 010 | _a 2011288626 | ||
| 020 | _a9780547328614 | ||
| 040 |
_aDLC _cDLC |
||
| 042 |
_alcac _apcc |
||
| 050 |
_aPZ 7 _b.Od237i 1960 |
||
| 082 |
_aFIC _bOd2 1960 |
||
| 100 | 1 |
_aO'Dell, Scott, _d1898-1989. _920444 |
|
| 245 | 1 | 0 |
_aIsland of the blue dolphins / _cScott O'Dell. |
| 260 |
_aBoston : _bHoughton Mifflin Harcourt, _cc1960. |
||
| 300 |
_a177 p. : _c20 cm. |
||
| 650 |
_aFiction. _9746 |
||
| 906 |
_a0 _bibc _corignew _d2 _encip _f20 _gy-gencatlg |
||
| 942 |
_2lcc _cBK-FIC |
||
| 999 |
_c11508 _d11508 |
||